Mathematical physics. (Record no. 2213)
[ view plain ]
| 000 -LEADER | |
|---|---|
| fixed length control field | 00605cam a22002172 4500 |
| 001 - CONTROL NUMBER | |
| control field | 0000003684 |
| 005 - DATE AND TIME OF LATEST TRANSACTION | |
| control field | 20151217145739.0 |
| 008 - FIXED-LENGTH DATA ELEMENTS--GENERAL INFORMATION | |
| fixed length control field | 070514s xx 000 0 eng d |
| 020 ## - INTERNATIONAL STANDARD BOOK NUMBER | |
| International Standard Book Number | 0706996836 : |
| 040 ## - CATALOGING SOURCE | |
| Original cataloging agency | KABU |
| Transcribing agency | KABU |
| 050 #0 - LIBRARY OF CONGRESS CALL NUMBER | |
| Classification number | QC20 |
| Item number | .G87 1993 |
| 100 1# - MAIN ENTRY--PERSONAL NAME | |
| Personal name | Gupta, B. D. |
| -- | 0000153773 |
| 245 10 - TITLE STATEMENT | |
| Title | Mathematical physics. |
| 250 ## - EDITION STATEMENT | |
| Edition statement | 2nd Rev. ed. |
| 260 ## - PUBLICATION, DISTRIBUTION, ETC. (IMPRINT) | |
| Place of publication, distribution, etc. | New Delhi : |
| Name of publisher, distributor, etc. | Vikas Publishing, |
| Date of publication, distribution, etc. | 1993. |
| 300 ## - PHYSICAL DESCRIPTION | |
| Extent | xv, 1236 p in various paging. |
| 650 #0 - SUBJECT ADDED ENTRY--TOPICAL TERM | |
| Topical term or geographic name as entry element | Mathematical physics. |
| -- | 0000153774 |
| 908 ## - PUT COMMAND PARAMETER (RLIN) | |
| Put command parameter | 070514 |
| 950 ## - LOCAL HOLDINGS (RLIN) | |
| -- | 1 |
| Withdrawn status | Lost status | Source of classification or shelving scheme | Not for loan | Home library | Current library | Date acquired | Total Checkouts | Total Renewals | Full call number | Barcode | Date last seen | Date last checked out | Price effective from | Koha item type |
|---|---|---|---|---|---|---|---|---|---|---|---|---|---|---|
| Library of Congress Classification | Kabarak, Main Campus | Kabarak, Main Campus | 17/12/2015 | 17 | 3 | QC20 .G87 1993 | 005310 | 17/11/2021 | 17/11/2021 | 17/12/2015 | General Collection |